History Quiz

Random History Quiz

Ship Prefixes Quiz Stats

Quiz not verified by Sporcle

Also try: 1970s in Pictures
Challenge
Share
Tweet
Embed
Score 0/16 Timer 08:00
0 Plays Today
Hint Answer % Correct
SSSteamship
64.3%
FVFishing Vessel
42.9%
DSVDiving Support Vessel
21.4%
HSCHigh Speed Craft
21.4%
SVSailing Vessel
17.9%
AHTAnchor Handling Tug
14.3%
STSteam Tug
14.3%
CRVCoastal Research Vessel
7.1%
Hint Answer % Correct
HTVHeavy Transport Vessel
7.1%
DBDerrick Barge
3.6%
DCVDeepwater Construction Vessel
3.6%
FPVFishing Patrol Vessel
3.6%
MFMotor Ferry
3.6%
MSYMotor Sailing Yacht
3.6%
NSNuclear Ship
0%
SYSailing Yacht or Steam Yacht
0%

You're not logged in!

Compare scores with friends on all Sporcle quizzes.
Sign Up with Email
OR
Log In

You Might Also Like...

Show Comments

Extras

Top Quizzes Today


Score Distribution

Your Account Isn't Verified!

In order to create a playlist on Sporcle, you need to verify the email address you used during registration. Go to your Sporcle Settings to finish the process.